[Event "58. BEM 2004"]
[Site "Dortmund"]
[Date "2004.03.05"]
[Round "3.24"]
[White "Thiemig, Rolf"]
[Black "Schaefer, Ulrich"]
[Result "0-1"]
[WhiteElo "1278"]
[BlackElo "1481"]
[Annotator "Fritz 7 (15s)"]
[PlyCount "54"]
[EventDate "2004.??.??"]
[Source "SG Dortmund"]
[SourceDate "2004.12.16"]

{A01: Nimzowitsch-Larsen Opening
} 1. b3 e5 2. Bb2 Nc6 3. e3 d5 4. Bb5 Qg5 (
4... e4 5. d3 (5. f3 Nf6 6. fxe4 Bg4 7. Bxc6+ bxc6 8. Ne2 Nxe4 9. O-O Bd6 10.
Rf4 Bxf4 11. exf4 Qh4 12. Qf1 O-O 13. g3 Qh5 14. Nec3 Rfe8 15. d3 Bh3 16. Qd1
Bg4 17. Qf1 Nf6 18. Nd2 Re3 19. Re1 Rae8 20. Rxe3 Rxe3 21. Qf2 d4 {
0-1 Carvalho,C-De Andrade,W/Brasilia 2000/CBM 77 ext (21)}) 5... exd3 6. Qxd3
Qg5 7. Nc3 Nf6 8. O-O-O Be6 9. Nge2 Bd6 10. h4 Qxg2 11. Rhg1 Qxf2 12. Rxg7
O-O-O 13. Bxc6 bxc6 14. Nd4 Rdg8 15. Qa6+ Kd8 16. Nxc6+ Ke8 17. Rxg8+ Rxg8 18.
Qxa7 Rg2 19. Qa8+ Kd7 20. Nb8+ Ke7 21. Nc6+ Kd7 {
1/2-1/2 Schober,M-Mosionzhik,I/Rowy 2000/CBM 78 ext (21)}) 5. g3 $146 (5. Nf3
Qxg2 6. Rg1 Qh3 7. Rg3 (7. Nxe5 Qxh2 8. Nf3 Qd6 9. Rxg7 Bxg7 10. Bxg7 Bg4 11.
Bxc6+ bxc6 12. Qe2 Qg6 13. Bxh8 Qh5 14. Bd4 Ne7 15. d3 Bxf3 16. Qf1 Nf5 17. c3
Kd7 18. Kd2 Rg8 19. Kc2 Nxd4+ 20. cxd4 Rg2 21. Nd2 Qh2 {
Asfora,M-Xavier da Silva,N/Fortaleza 1998/EXT 2000/0-1 (52)}) 7... Qh6 (7...
Qe6 8. Nxe5 Nf6 9. d3 Bd7 10. Nxd7 Qxd7 11. Bxf6 gxf6 12. Qg4 Bd6 13. f4 h5 14.
Qxd7+ Kxd7 15. Nc3 Bb4 16. Kd2 Rag8 17. a3 Bxc3+ 18. Kxc3 h4 19. Rh3 f5 20. Rd1
a6 21. Bxc6+ Kxc6 22. Kd4 {Keskinen,S-Purga,O/Turku 1998/EXT 99/1-0 (74)}) 8.
Nxe5 a6 9. Qf3 Nf6 10. Bxc6+ bxc6 11. Rg2 Bh3 12. Rg1 Be6 13. Nxc6 Bg4 14. Qg3
Bd6 15. f4 Bd7 16. Ne5 Ne4 17. Qxg7 Qh4+ 18. Kd1 O-O-O 19. Qxf7 Qxh2 {
Evertz,D-Nigl,A/Ruhrgebiet 1998/EXT 2002/1-0 (36)}) (5. Nf3 $142 {
damit waere Weiss im Spiel geblieben} 5... Qxg2 6. Rg1 $14) 5... e4 $15 {
Schwarz gewinnt Raum} 6. h4 Qg6 7. Nc3 Nf6 8. Nh3 Bd6 9. Nf4 Bxf4 10. exf4 Bg4
11. Qc1 Bf3 12. Rg1 O-O 13. Bxc6 bxc6 14. Na4 Nd7 15. Bd4 Qd6 16. Qb2 f6 17.
Qc3 Rfb8 18. a3 (18. Nc5 Nxc5 19. Qxc5 Rb5 20. Qxd6 cxd6 $17) 18... a5 (18...
Rb5 $5 $19) 19. Nc5 Nf8 20. b4 $2 (20. h5 $142 {ist die einzige Rettung} 20...
h6 21. Qe3 $15) 20... axb4 $19 21. axb4 Rxa1+ 22. Qxa1 Rxb4 23. c3 (23. Nb3 Nd7
24. Qa6 $19) 23... Rb5 24. Be3 Rxc5 25. Bxc5 Qxc5 26. Qa4 (26. Qa6 {
aendert nichts am Ausgang der Partie} 26... d4 27. Qa2+ Kh8 $19) 26... Qb6 27.
Qb4 (27. Qa2 $19 {waere noch eine kleine Chance}) 27... Qa6 (27... Qa6 28. d3
Qxd3 29. Qxf8+ Kxf8 30. f5 Qd1#) 0-1

[Event "58. BEM 2004"]
[Site "Dortmund"]
[Date "2004.03.05"]
[Round "3.25"]
[White "Gerlach, André"]
[Black "Rutmann, Ulrich"]
[Result "1-0"]
[WhiteElo "1410"]
[BlackElo "1296"]
[Annotator "Fritz 7 (15s)"]
[PlyCount "61"]
[EventDate "2004.??.??"]
[Source "SG Dortmund"]
[SourceDate "2004.12.16"]

{B09: Pirc Defence: Austrian Attack
} 1. e4 d6 2. d4 Nf6 3. Nc3 g6 4. f4 e6 (
4... Bg4 5. Nf3 c6 6. Be2 Bg7 7. O-O O-O 8. Be3 Nbd7 9. e5 Nd5 10. Nxd5 cxd5
11. h3 Bf5 12. Nd2 Rc8 13. c3 Nb6 14. Bf3 Nc4 15. Nxc4 dxc4 16. Rf2 Qc7 17. Bg4
Qd7 18. Bxf5 Qxf5 19. Qf3 {Boronyak,A-Toth,J/HUN 1992/EXT 2000/0-1 (60)}) 5.
Nf3 Bg7 6. Bd3 Nc6 $146 (6... O-O 7. O-O (7. e5 Ne8 8. O-O Nd7 9. Ne4 d5 10.
Neg5 h6 11. Nh3 c5 12. b3 cxd4 13. Ba3 Qb6 14. Bxf8 Bxf8 15. Kh1 Nc5 16. Be2
Ne4 17. Qxd4 Bc5 18. Qa4 Ng7 19. Qb5 Qc7 20. a4 Bd7 21. Qd3 Nf5 22. Nd2 Bd4 23.
Rac1 Nxd2 24. g4 Nxf1 25. Rxf1 Ne3 26. Rc1 Qc3 {
0-1 Cortinas,M-Faria,R/Concord 1995/EXT 2001 (26)}) 7... c5 8. dxc5 dxc5 9. Qe2
Nc6 10. e5 Nd5 11. Ne4 Qb6 12. Qf2 Bh6 13. c4 f5 14. cxd5 fxe4 15. Bxe4 exd5
16. Bxd5+ Kg7 17. Qh4 Qd8 18. Qxd8 Nxd8 19. g3 Rb8 20. Be3 b6 21. Rad1 {
Perez,L-Garcia Fernandez,M/Burgas 1999/EXT 2000/1-0 (32)}) (6... Nbd7 7. e5
dxe5 8. fxe5 Nd5 9. Bg5 Ne7 10. Ne4 O-O 11. Nf6+ Bxf6 12. exf6 Nd5 13. O-O Re8
14. Qe1 c5 15. Qh4 h5 16. Bxg6 {
1-0 Aronian,L-Lundberg,M/Verdun 1995/EXT 97 (16)}) 7. Ne2 b6 8. c3 {Deckt b4}
8... Bb7 9. Qc2 Qd7 10. h3 {Der Gegner darf nicht nach g4} 10... O-O-O 11. Be3
Kb8 12. Nc1 Qe7 13. Qe2 (13. O-O $5 $14 {ist vielleicht staerker}) 13... Nh5
$11 14. Kf2 f5 15. e5 Bh6 16. g3 Bf8 (16... dxe5 17. dxe5 Nxe5 18. fxe5 f4 19.
Bxf4 Bxf4 20. gxf4 Nxf4 $19) 17. Ba6 dxe5 18. dxe5 h6 {Befestigt g5} 19. Bxb7
Kxb7 20. a4 Rg8 21. a5 Nxa5 (21... g5 $5 {ist interessant} 22. axb6 cxb6 23.
Qa6+ Kb8 $14) 22. b4 $16 Nc6 $4 {und es geht weiter bergab} (22... g5 23. bxa5
gxf4 24. Bxf4 Nxf4 25. gxf4 Qc5+ 26. Kf1 Qxc3 $14) 23. Qa6+ $18 Kb8 24. b5 Na5
25. Rxa5 c5 26. bxc6 bxa5 27. Na2 Ka8 28. Bb6 Bg7 (28... Qf7 29. Nd4 Bc5 30.
Bxc5 g5 31. Nxe6 Rd2+ 32. Ke1 Nxg3 33. Kxd2 Ne4+ 34. Kc1 Nxc5 35. Nxc5 Rb8 $18)
29. c7 Qxc7 30. Bxc7 Rd7 (30... Rd2+ {aendert nichts mehr} 31. Nxd2 Rb8 32.
Qc6+ Rb7 33. Qe8+ Rb8 34. Qxb8#) 31. Qc6# 1-0

[Event "58. BEM 2004"]
[Site "Dortmund"]
[Date "2004.03.05"]
[Round "3.28"]
[White "Krüger, Inge"]
[Black "Krüger, Sven"]
[Result "1-0"]
[WhiteElo "1335"]
[BlackElo "1098"]
[Annotator "Fritz 7 (15s)"]
[PlyCount "102"]
[EventDate "2004.??.??"]
[Source "SG Dortmund"]
[SourceDate "2004.12.16"]

{D06: Queen's Gambit: Symmetrical and Baltic Defences
} 1. d4 d5 2. c4 Nf6 3.
Nc3 Bf5 4. Nf3 e6 5. Bg5 Be7 6. e3 O-O 7. cxd5 (7. Be2 Nbd7 8. Nh4 dxc4 9. Nxf5
exf5 10. Bxc4 Ne4 11. Bf4 Ndf6 12. O-O Bd6 13. Nxe4 Nxe4 14. Bxd6 Nxd6 15. Bd3
Qg5 16. Rc1 c6 17. Rc5 Rfe8 18. Re1 Qf6 19. a4 Re7 20. h3 Rae8 21. g3 Qxd4 22.
Qc2 Qb4 23. Rd1 g6 24. Bf1 Ne4 25. Rc4 Qb6 26. Rcd4 Qc7 27. Bg2 Nf6 28. Qd2 Kg7
29. b4 Qe5 30. Rd3 Rc7 31. f4 Qe6 32. Qc3 Ree7 33. Kf2 Red7 34. Rxd7 Rxd7 35.
Rxd7 Qxd7 36. e4 fxe4 37. g4 Qd3 38. Qe5 Qd5 39. Qb2 g5 40. f5 Qd3 41. Qc1 h6 {
Vijayalakshmi,S-Roy Chowdhury,S/Calcutta 1996/CBM 50 ext/1/2-1/2 (73)}) (7. c5
a5 8. a3 Ne4 9. Bxe7 Qxe7 10. Qb3 Nd7 11. Be2 b6 12. c6 Nb8 13. Bb5 Qd6 14. Rc1
Qe7 15. O-O Nd6 16. Rfe1 f6 17. Nh4 Bg4 18. e4 Nxb5 19. Nxb5 f5 20. Qg3 h5 21.
Ng6 Qf7 {Kharitonova-Kostjuk,T/Orsk 2000/EXT 2001/1-0 (33)}) 7... exd5 8. Be2
$146 (8. Bxf6 Bxf6 9. Qb3 Be4 10. Nxe4 dxe4 11. Nd2 Qe7 12. Qxb7 Nd7 13. Qxe4
Qb4 14. Qc2 Rfe8 15. Be2 c5 16. a3 Qa5 17. Qc3 Qd8 18. Nf3 cxd4 19. Nxd4 Rc8
20. Qd2 Nc5 21. Rd1 Ne4 22. Qd3 Qa5+ {
Vogel,T-Rahn,K/Germany 1989/EXT 97-B/1-0 (48)}) (8. Qb3 Nc6 9. Bxf6 Bxf6 10.
Qxd5 Qc8 $16) 8... a6 {Verwehrt dem Gegner b5} (8... c6 9. Qb3 Qc7 10. Bf4 $11)
9. O-O Nbd7 10. Rc1 c6 {Verwehrt dem Gegner b5} 11. a3 {Ueberdeckt b4} 11...
Re8 12. h3 {Nimmt Einfluss auf g4} 12... Nf8 13. Ne5 Bd6 14. Ng4 Be7 15. Nxf6+
Bxf6 16. Bf4 Ng6 17. Bh2 Qd7 18. g4 Be6 19. Na4 Qe7 20. Nc5 Bc8 21. Re1 Nh4 22.
Bg3 Bg5 23. Bxh4 Bxh4 24. Bf3 f5 25. Nd3 fxg4 26. hxg4 Qg5 27. Rf1 Rf8 28. Nf4
Qf6 (28... h5 $5 $17) 29. Kg2 $15 Bg5 30. Nh3 (30. Nd3 Qe6 $15) 30... Bh4 (
30... Bh6 31. Rh1 $17) 31. Qe2 (31. Nf4 Qf7 $15) 31... Qd6 32. Nf4 Bd7 33. Kh3
$2 (33. Rh1 $142 $5 {kam sehr in Betracht} 33... Be7 34. Qc2 $11) 33... Bg5 34.
Nd3 Rf6 35. Kg2 $2 (35. Ne5 $142 Raf8 36. Bh1 $17) 35... Raf8 $19 36. Ne5 Rh6
$4 {wirft den Vorteil weg} (36... Rxf3 37. Qxf3 Rxf3 38. Kxf3 Bc8 $19) 37. Rh1
$11 Rhf6 38. Rh5 $2 (38. Qc2 h6 $11) 38... Bh6 $4 {danach wendet sich das Blatt
} (38... Rxf3 $142 {Schwarz haette nun das bessere Spiel} 39. Nxd7 Bxe3 (39...
Qxd7 $143 40. Rxg5 h6 41. Rf5 R3xf5 42. gxf5 $19) 40. fxe3 Qg3+ (40... Qxd7 $6
41. Qxf3 Rxf3 42. Kxf3 $17) 41. Kh1 Qxg4 $19) 39. g5 g6 $4 {
gibt den Vorteil aus der Hand} (39... Rxf3 $142 {sieht noch spielbar aus} 40.
gxh6 R3f6 $15) 40. Rxh6 $18 (40. gxf6 $6 gxh5 41. f7+ Kh8 42. Nxd7 Qxd7 43.
Bxh5 Qe6 $16) (40. Nxd7 $6 Qxd7 41. gxf6 gxh5 $11) 40... Rf5 $4 {
Schwarz zeigt sich dem Druck nicht mehr gewachsen} (40... Rxf3 41. Nxf3 Bg4 $16
) 41. Rch1 (41. Nxd7 Qxd7 42. Bg4 Rxf2+ 43. Kg1 Qe7 44. Qxf2 Rxf2 45. Kxf2 Qxg5
46. Be6+ Kg7 $11) 41... Rxg5+ 42. Kf1 c5 (42... Rxe5 {die letzte Gegenchance}
43. dxe5 Qe7 $18) 43. Rxh7 Bb5 (43... Be6 {waere gleichermassen fruchtlos} 44.
Qc2 $18) 44. Rh8+ Kg7 45. R1h7+ Kf6 46. Rxf8+ Ke6 (46... Qxf8 {
hilft auch nicht mehr} 47. Qxb5 $1 {Eliminiert eine wichtige Deckungsfigur: b5}
47... axb5 48. Nd7+ Kf5 49. Nxf8 cxd4 50. exd4 $18) 47. Bg4+ (47. Qxb5 axb5 48.
Re8+ Kf5 49. Rf7+ Qf6 50. Ng4 Qxf7 51. Re5#) 47... Rxg4 48. Nd3 (48. Re8+ {
laesst dem Gegner kaum Chancen} 48... Kf5 49. Rf7+ Qf6 $18) 48... Bxd3 (48...
Qxf8 {ist ein letzter Strohhalm} 49. Qxg4+ Qf5 50. Qxf5+ Kxf5 $18) 49. Re8+ (
49. Qxd3 $6 {ist sichtlich schwaecher} 49... Qxf8 50. Qd1 Rg5 $18) 49... Kf6
50. Qxd3 c4 51. Qd1 Qd7 1-0

[Event "58. BEM 2004"]
[Site "Dortmund"]
[Date "2004.03.08"]
[Round "4.1"]
[White "Eismont, Igor"]
[Black "Naundorf, Maik"]
[Result "1-0"]
[WhiteElo "2230"]
[BlackElo "2015"]
[Annotator "Fritz 7 (15s)"]
[PlyCount "45"]
[EventDate "2004.??.??"]
[Source "SG Dortmund"]
[SourceDate "2004.12.16"]

{A57: Benko/Volga Gambit
} 1. d4 Nf6 2. c4 c5 3. d5 b5 4. Nf3 g6 5. Nbd2 bxc4
6. e4 c3 7. bxc3 Bg7 8. Bd3 O-O 9. Rb1 e6 $146 (9... d6 10. O-O Nbd7 11. Qc2
Ng4 12. Be2 Nde5 13. Nxe5 Nxe5 14. h3 Qc7 15. f4 Nd7 16. c4 Rb8 17. Bb2 Rxb2
18. Rxb2 Bxb2 19. Qxb2 Qa5 20. Rf3 e5 21. f5 Qb6 22. Qxb6 Nxb6 23. g4 f6 24.
Ra3 {Medancic,R-Jovanic,O/Opatija 2000/CBM 76 ext/1/2-1/2 (63)}) (9... d6 10.
Qc2 $14) 10. c4 (10. d6 $5 $16) 10... d6 $14 {Befestigt e5} 11. O-O e5 12. Ne1
Nh5 13. g3 {Ueberdeckt f4} 13... Bh6 14. Ng2 Bh3 15. Nf3 Bxc1 16. Qxc1 Kg7 17.
Ng5 Bc8 18. f4 h6 19. Nf3 f6 20. f5 g5 21. Qd1 Qe8 22. Be2 Kh7 {Diagramm #} (
22... Kg8 $5 $16) 23. Nxg5+ $1 $18 {Zerstoerung der Bauerndeckung. . . . . . .}
(23. Nxg5+ fxg5 24. Bxh5 $18) 1-0

[Event "58. BEM 2004"]
[Site "Dortmund"]
[Date "2004.03.08"]
[Round "4.2"]
[White "Goldschmidt, Christian"]
[Black "Kalikhman, Grigorij"]
[Result "0-1"]
[WhiteElo "2109"]
[BlackElo "1975"]
[Annotator "Fritz 7 (15s)"]
[PlyCount "82"]
[EventDate "2004.??.??"]
[Source "SG Dortmund"]
[SourceDate "2004.12.16"]

{A08: King's Indian Attack
} 1. e4 e6 2. d3 d5 3. Nd2 c5 4. Ngf3 Nc6 5. g3 Nf6
6. Bg2 Qc7 7. O-O b6 8. Re1 Be7 9. e5 Nd7 10. Qe2 Bb7 11. c4 (11. Nf1 O-O-O 12.
Bd2 h6 13. c3 g5 14. h3 Rdg8 15. a3 h5 16. b4 g4 17. hxg4 hxg4 18. N3h2 Qxe5
19. Qd1 Qh5 20. b5 Nce5 21. d4 Nd3 22. Re2 c4 23. a4 Bd6 24. a5 Kc7 25. Be3 f5
26. Rea2 f4 27. axb6+ axb6 28. gxf4 Nxf4 29. Bxf4 Bxf4 30. Ra7 Bxh2+ 31. Nxh2
Qxh2+ 32. Kf1 Qf4 33. Qa4 Re8 34. Qb4 g3 {
0-1 Kucypera,A-Velcheva,M/Warsaw 2001/CBM 82 ext (34)}) 11... O-O-O (11... d4
12. h4 a6 13. Nf1 b5 14. b3 Nb6 15. N1h2 h6 16. h5 b4 17. Ng4 a5 18. Bf4 a4 19.
Nd2 Na5 20. Ne4 Bxe4 21. Bxe4 Ra7 22. Rab1 Kd7 23. Bc1 Nc6 24. f4 Nd8 25. Nf2
f6 26. exf6 {Bauer,C-Marciano,D/Nantes 1993/EXT 97/1-0 (48)}) 12. cxd5 exd5 13.
d4 $146 (13. Nf1 g5 14. e6 fxe6 15. Qxe6 Rhe8 16. Qh3 h6 17. Qxh6 g4 18. Bf4
gxf3 19. Bxc7 fxg2 20. Bxd8 gxf1=Q+ 21. Kxf1 Kxd8 22. Re6 Nd4 23. Rae1 Ba6 24.
Rxe7 Bxd3+ 25. Kg2 Rxe7 26. Qh8+ Kc7 27. Rxe7 Be4+ 28. Rxe4 dxe4 29. Qh7 {
1-0 Haas,G-Skripchenko Lautier,A/Mondorf 1991/EXT 97 (29)}) (13. e6 fxe6 14.
Qxe6 Rhf8 15. Nf1 Rf6 16. Qh3 h6 17. Bf4 Bd6 18. Ne3 Nb4 19. Bxd6 Qxd6 20. Nf5
Qf8 21. Ne7+ Kb8 22. Re6 {
1/2-1/2 Warren,A-Gillibrand,J/Isle of Man 1994/EXT 97 (22)}) 13... Nf8 14. b3
Ne6 15. Bb2 g5 ({Dagegen} 15... Ncxd4 16. Nxd4 cxd4 17. Rac1 $18) 16. Bh3 (16.
dxc5 $142 $5 {ist interessant} 16... bxc5 17. h3 $11) 16... h5 $15 17. Bf5 Kb8
18. Rec1 $2 (18. dxc5 bxc5 19. h3 Rdg8 $15) 18... h4 $4 {wirft den Vorteil weg}
(18... g4 $142 $19 {mit klarem Vorteil fuer Schwarz}) 19. Bg4 hxg3 20. fxg3
cxd4 21. a3 {Verwehrt dem Gegner b4} 21... Bc5 22. Kg2 a5 23. b4 axb4 24. axb4
d3 {Will d4 spielen} 25. Qxd3 Nxb4 26. Qb3 d4 27. Nc4 Bd5 28. Ba3 f5 29. exf6
Nf4+ {Zerstoerung der Bauerndeckung} 30. gxf4 $4 (30. Kf1 $142 {
haette die Partie gerettet} 30... Nfd3 31. Bxb4 Nxb4 32. Qa4 $15) 30... Qxf4
31. h3 Rxh3 {Beseitigt den Bauernschutz.} 32. Bxh3 (32. Kxh3 {
Hinlenkung nach h3} 32... Rh8+) 32... g4 {Motiv: Doppelangriff} 33. Bxb4 (33.
Nce5 gxh3+ 34. Kf2 Bxb3 35. Bxb4 Qe3+ 36. Kf1 Bxb4 37. Nc6+ Kc7 38. Nxb4+ Kb7
39. Ra7+ Kxa7 40. Nc6+ Ka6 41. Ra1+ Kb5 42. Ncxd4+ Rxd4 43. Nxd4+ Qxd4 $19)
33... Bxf3+ 34. Kf1 Bd1+ 35. Kg1 Bxb3 36. Bg2 (36. Rf1 {
holt die Kuh nicht vom Eis} 36... Qh6 (36... Bxb4 37. Rxf4 gxh3 38. Rb1 Bxc4
39. Rxb4 $14) 37. Bg2 Bxc4 (37... Bxb4 {scheitert an Matt in 4} 38. Ra8+ Kc7
39. Ra7+ Kc8 40. Nxb6+ Kb8 41. Rb7#) 38. Bxc5 Qe3+ 39. Rf2 bxc5 $19) 36... Bxc4
37. Ra8+ Kc7 38. Rxc4 Qe3+ 39. Kh2 (39. Kh1 {macht keinen grossen Unterschied}
39... Rxa8 40. Bxa8 d3 41. Rxc5+ bxc5 42. Ba5+ Kb8 $19) 39... g3+ 40. Kh3 Rxa8
41. Bxa8 Qe6+ (41... Qe6+ 42. Kxg3 Qxc4 43. Bxc5 bxc5 $19) 0-1

[Event "58. BEM 2004"]
[Site "Dortmund"]
[Date "2004.03.08"]
[Round "4.3"]
[White "Ziperstein, Jakob"]
[Black "Mrozinski, Werner"]
[Result "1-0"]
[WhiteElo "1831"]
[BlackElo "1965"]
[Annotator "Fritz 7 (15s)"]
[PlyCount "57"]
[EventDate "2004.??.??"]
[Source "SG Dortmund"]
[SourceDate "2004.12.16"]

{B01: Scandinavian Defence
} 1. e4 d5 2. exd5 Nf6 3. Nc3 g6 4. Bb5+ Nbd7 5. Nf3
Bg7 6. d4 O-O 7. O-O Nb6 {d5 muss gedeckt werden} 8. Re1 Nbxd5 9. Nxd5 $146 (9.
h3 c6 10. Bf1 Bf5 11. g4 Be6 12. Ng5 Bc8 13. Bg2 h6 14. Nf3 Be6 15. Ne5 Nxc3
16. bxc3 Bd5 17. c4 Bxg2 18. Kxg2 Nd7 19. f4 Nxe5 20. dxe5 Qa5 21. Qe2 Rad8 22.
Be3 e6 23. Rab1 Rd7 {Somev,A-Stefanova,A/Dubai 1999/CBM 70 ext/0-1 (36)}) 9...
Nxd5 10. c3 {Es geht um b4} 10... c6 11. Ba4 b5 12. Bb3 Bg4 13. h3 Bxf3 14.
Qxf3 ({Weniger gut ist} 14. gxf3 b4 15. c4 Nb6 $15) 14... e6 {
Der Gegner darf nicht nach d5} 15. a4 a6 16. Bd2 Qb6 17. a5 Qb7 18. Bc2 Rac8
19. b4 Qd7 20. Re2 f6 {Nimmt Einfluss auf g5} (20... Qd6 21. Rae1 $14) 21. Bb3
Kh8 22. h4 e5 23. h5 g5 24. Bc2 Bh6 (24... Rce8 $142 $5 $16) 25. Bf5 $18 Qd6
26. Bxc8 Rxc8 27. dxe5 fxe5 28. Qf5 Re8 29. Rae1 (29. Rae1 Bg7 30. Qxg5 $18)
1-0

[Event "58. BEM 2004"]
[Site "Dortmund"]
[Date "2004.03.08"]
[Round "4.4"]
[White "Kleymann, Jelena"]
[Black "Hardt, Helmut"]
[Result "1-0"]
[WhiteElo "1865"]
[BlackElo "1766"]
[Annotator "Fritz 7 (15s)"]
[PlyCount "65"]
[EventDate "2004.??.??"]
[Source "SG Dortmund"]
[SourceDate "2004.12.16"]

{C17: French: 3 Nc3 Bb4 4 e5 c5 sidelines
} 1. e4 e6 2. d4 d5 3. Nc3 Bb4 4. e5
c5 5. a3 Ba5 6. b4 cxb4 7. Nb5 Bc7 8. Qg4 (8. f4 Bd7 9. Nxc7+ Qxc7 10. Bd3 Ba4
11. Bb2 Nh6 12. Nf3 Nc6 13. O-O Nf5 14. Qe2 a6 15. Rf2 Qb6 16. Bxf5 exf5 17. e6
f6 18. Qd3 O-O 19. Qxf5 a5 20. Qxd5 Rfd8 21. Qc5 {
1-0 Yagupov,I-Hedman,E/Aars 1999/EXT 2000 (21)}) (8. Bd3 Nc6 9. Nf3 a6 10.
Nxc7+ Qxc7 11. O-O f5 12. Qd2 Nge7 13. axb4 a5 14. c3 Bd7 15. Qg5 O-O 16. b5 h6
17. Qg3 f4 18. Bxf4 Rxf4 19. Qxf4 Na7 20. Rfb1 Qxc3 21. Qe3 Kh8 22. Rc1 Qb4 23.
Rab1 {1-0 Carreto,G-Janix,I/Mexico 2001/EXT 2002 (23)}) 8... g6 9. axb4 Nc6
$146 (9... a6 10. Bd3 Bd7 11. Nxc7+ Qxc7 12. Ne2 Ne7 13. O-O Nbc6 14. c3 Na7
15. Qg5 Bb5 16. Bxb5+ Nxb5 17. Qf6 Rg8 18. Be3 Nf5 19. Rac1 Rc8 20. g4 Ne7 21.
Bg5 Nc6 22. Qf3 Na3 23. Nf4 Qd7 24. Nd3 {
Boo Martin,C-Castanon Rivero,J/Asturia 1997/EXT 2001/1-0 (39)}) 10. c3 a5 11.
Bd3 Bd7 12. Ne2 Na7 $2 (12... Bb8 $142 $5 $16) 13. Bg5 $18 Qc8 14. Nxc7+ Qxc7
15. Rxa5 b6 16. Ra2 Rc8 17. O-O Nb5 18. Rc1 Qb7 19. Rca1 Kf8 20. Qf4 Nc7 (20...
Qc6 {aendert den Lauf der Dinge nicht} 21. Rc2 $18) 21. h4 (21. Bf6 $142 {
damit wuerde Weiss es sich noch erleichtern} 21... Nxf6 22. exf6 $18 (22. Qxf6
$6 Rg8 $18)) 21... Ra8 (21... Qc6 $18 {lenkt vielleicht noch ab}) 22. Rxa8+
Nxa8 23. h5 (23. Bf6 $142 {ginge schneller} 23... Nxf6 24. exf6 h5 25. Bxg6 Ke8
$18) 23... gxh5 (23... Nc7 {hilft auch nicht mehr} 24. hxg6 hxg6 25. Bxg6 $18)
24. Ng3 (24. Bf6 $142 {und nichts geht mehr} 24... Nc7 25. Bxh8 Ke8 $18) 24...
Nc7 25. Nxh5 Ne8 26. Nf6 Nexf6 (26... h6 27. Bh4 b5 28. Nxg8 Kxg8 29. Be7 $18)
27. exf6 h6 (27... Ke8 {die letzte Gegenchance} 28. Qg3 Bc6 $18) 28. Bh4 h5 (
28... Ke8 {aendert nichts am Ausgang der Partie} 29. Qg3 Bc6 30. Qg7 $18) 29.
Qd6+ Ke8 30. Bg5 (30. Ra6 Rh6 31. Rxb6 Qxb6 32. Qxb6 Nxf6 $18) 30... h4 31. Ra6
Qc6 32. Qb8+ (32. Bb5 $1 Nxf6 33. Ra8+ Qxa8 34. Bxd7+ Nxd7 35. Qe7#) 32... Qc8
$18 33. Ra8 (33. Ra8 Qxb8 34. Rxb8+ Bc8 35. Rxc8+ Kd7 36. Rf8 $18) 1-0

[Event "58. BEM 2004"]
[Site "Dortmund"]
[Date "2004.03.08"]
[Round "4.5"]
[White "Krause, Dieter"]
[Black "Schiefelbusch, Dirk"]
[Result "0-1"]
[WhiteElo "1873"]
[BlackElo "2103"]
[Annotator "Fritz 7 (15s)"]
[PlyCount "84"]
[EventDate "2004.??.??"]
[Source "SG Dortmund"]
[SourceDate "2004.12.16"]

{E17: Queen's Indian: 4 g3 Bb7 5 Bg2 Be7
} 1. d4 Nf6 2. Nf3 e6 3. g3 b6 4. Bg2
Bb7 5. O-O Be7 6. c4 O-O 7. d5 exd5 8. Nh4 c6 9. cxd5 Nxd5 10. e4 $146 (10. Nf5
Na6 (10... Re8 11. e4 Nc7 12. Qg4 g6 13. Nh6+ Kg7 14. e5 d5 15. exd6 Bxd6 16.
Nc3 Qd7 17. Qh4 Be7 18. Qf4 Bd6 19. Qh4 Be7 20. Qf4 Bd6 21. Qf3 f5 22. g4 fxg4
23. Nxg4 Qf5 24. Bh6+ Kf7 25. Ne4 Rxe4 26. Qxe4 Qxe4 27. Bxe4 Nd7 28. f4 Re8
29. Ne5+ Bxe5 30. fxe5+ Kg8 31. Rae1 Nxe5 32. Bxc6 Bxc6 33. Rxe5 {
1-0 Vaulin,A-Kunin,V/Tula 2001/EXT 2002 (33)}) (10... d6 11. Bxd5 cxd5 12. Nc3
Re8 13. Nxd5 Bf8 14. Bf4 Na6 15. f3 g5 16. Bc1 Bxd5 17. Qxd5 Re5 18. Qc4 Rxf5
19. Qxa6 d5 20. Qd3 Bc5+ 21. Kh1 Qf6 22. Bd2 Re8 23. b4 Bd4 24. Rac1 g4 25. Kg2
h5 26. f4 Re4 27. e3 Bb2 28. Rc2 Qg7 29. Rc8+ Kh7 30. Rd8 h4 31. Rxd5 {
1-0 Reichenbach,W-Hess,C/Germany 1981/EXT 97-B (31)}) 11. e4 Ndc7 (11... Nf6
12. Nc3 d6 13. Bf4 Ne8 14. Qg4 Nc5 15. Rad1 f6 16. b4 Nd7 17. Bxd6 Bxd6 18.
Nxd6 Nxd6 19. Rxd6 Bc8 20. Qe6+ Rf7 21. Bh3 Qf8 22. Rxc6 Qxb4 23. Rd1 Kf8 24.
Nd5 Qa3 25. Nc7 Re7 26. Qd5 Rb8 27. Ne6+ Ke8 28. Nxg7+ Rxg7 29. Rxc8+ Rxc8 30.
Bxd7+ Kd8 31. Bxc8+ Kxc8 32. Qc6+ {
1-0 Rizouk,A-Crouch,C/Hampstead 2001/CBM 82 ext (32)}) 12. Qg4 g6 13. Nc3 Kh8
14. Bh6 Rg8 15. Nxe7 Qxe7 16. Rad1 Nc5 17. Rd2 N5e6 18. Rfd1 Rgd8 19. f4 d5 20.
f5 Nf8 21. exd5 Qc5+ 22. Kh1 cxd5 23. Qf4 Qd6 24. Qd4+ f6 {
Philippe,C-Balogh,V/Budapest 2001/CBM 83 ext/1-0 (47)}) 10... Bxh4 11. gxh4 Nf6
12. e5 Nd5 13. Qg4 Qe7 14. Qg3 Na6 (14... f6 15. Re1 $17) 15. Nc3 (15. Bg5 $5 {
ist erwaegenswert} 15... Qe6 16. Nc3 Nxc3 17. bxc3 $11) 15... Nxc3 $17 16. bxc3
f5 (16... f6 17. Bf4 $17) 17. exf6 (17. h5 $5 $11 {ist zu pruefen}) 17... Qxf6
$17 (17... Rxf6 $6 18. Bg5 $11) 18. Bg5 Qf7 19. Qd6 (19. f4 $5 $17) 19... Rae8
$19 20. Rad1 Nc5 21. Rd4 Ba6 22. Rf4 Qxa2 23. Rd1 Rxf4 24. Bxf4 Qe2 25. Be3 $2
(25. Ra1 $19) 25... Bd3 26. Ra1 Qb2 27. Rd1 Qc2 28. Rc1 Qb2 $4 {
danach kann Schwarz alle Traeume begraben} (28... Qxc1+ 29. Bxc1 Re1+ 30. Bf1
Rxf1+ 31. Kg2 Rxf2+ 32. Kg1 Rf1+ 33. Kg2 $19) 29. Rd1 Be2 30. Re1 Bg4 31. h3
Bf5 (31... Bh5 32. Rf1 $19) 32. Rd1 $2 (32. Kh2 $142 Bg6 33. Bxc5 bxc5 34.
Rxe8+ Bxe8 35. Qxc5 $19) 32... Qxc3 33. Rc1 Qe5 34. Qd2 Nb3 35. Qa2 Be6 36. Re1
Qc3 37. Rb1 (37. Rd1 b5 $19) 37... a5 38. Qe2 b5 39. Be4 a4 (39... Bf7 $142 {
gibt noch groesseren Vorteil} 40. Bf5 $19) 40. Qh5 (40. Bxh7+ Kf8 41. Qf3+ Qf6
42. Qg3 $19) 40... g6 41. Bxg6 (41. Qe2 {ist ein letzter Versuch} 41... Qc4 42.
Qxc4 bxc4 43. Rb2 $19) 41... hxg6 42. Qxg6+ Qg7 (42... Qg7 43. Qxg7+ Kxg7 $19)
0-1